000 00442nam a2200157Ia 4500
003 OSt
005 20230524140222.0
008 211028s2013 xx 000 0 und d
040 _cAIMIT LIBRARY
041 _aeng
100 _aGayathri, B S; Hegde, Smitha.
_g111852
_99162
110 _aSmitha Hegde
_99163
245 _aDNA barcoding and Taxonomical studies of ferns of South West India.
260 _aMangalore
_c2013
942 _2ddc
_cPRO
999 _c220244
_d220244